| 000 | 01234nam a2200229Ia 4500 | ||
|---|---|---|---|
| 001 | L180-1627 | ||
| 003 | IT-CnALBA | ||
| 008 | 170116s9999||||xx |||||||||||||| ||und|| | ||
| 040 |
_aIT-CnALBA _cIT-CnALBA |
||
| 041 | _aITALIANO | ||
| 100 | _aPLATONE | ||
| 245 | 0 | _aIL FEDONE O DELL'IMMORTALITÀ DELL'ANIMA. | |
| 250 | _a6a ed. | ||
| 260 |
_a BRESCIA _bLA SCUOLA, SOCIETÀ EDITRICE _c1942 [1° Ed.:1942 - Ed.Ling.Originale: 1942] |
||
| 300 | _a218 p. (prefazione: 9) | ||
| 500 | _aTRADUZIONE E NOTE DI ROTTA PAOLO. INTRODUZIONE DI ACRI FRANCESCO. DIALOGO DRAMMATICO. DIALOGO RACCONTATO. IMMORTALITÀ DELL'ANIMA. IL FANCIULLINO DI CEBETE. DUBBI DI SIMMA E CEBETE. REPLICA. I CAPELLI DI FEDONE. TEORIA DELLE IDEE. MITO DELLE ANIME DOPO LA | ||
| 501 | _aSocietà San Paolo EM - Piazza San Paolo, 14 - 12051 ALBA (CN) (non commercial uses only) ® Copyright 2017 | ||
| 520 | _aTRADUZIONE E NOTE DI ROTTA PAOLO. INTRODUZIONE DI ACRI FRANCESCO. DIALOGO DRAMMATICO. DIALOGO RACCONTATO. IMMORTALITÀ DELL'ANIMA. IL FANCIULLINO DI CEBETE. DUBBI DI SIMMA E CEBETE. REPLICA. I CAPELLI DI FEDONE. TEORIA DELLE IDEE. MITO DELLE ANIME DOPO LA | ||
| 650 | _aFILOSOFIA ANTICA MEDIOEVALE ORIENTALE | ||
| 942 | _cBK | ||
| 957 | _71 | ||
| 999 |
_a2614 _bSI _g Copie: 1 _c260851 _d260851 |
||